000 01890cam a22004934i 4500
003 PE-LiUPU
005 20250731184530.0
008 150623s r 000 0 d
020 _a0936260645
035 _a(Sirsi) i9780936260648
040 _aPE-LiUPU
_bspa
_cPE-LiUPU
_erda
049 _aPRUA
082 0 4 _a932.01
_bE31
_221
245 0 0 _aEgypt in Africa /
_cTheodore Celenko, editor.
264 1 _aIndiana :
_bIndianapolis Museum of Art,
_c1996.
300 _a134 páginas :
_bilustraciones láms a color ;
_c28 centímetros
336 _atext
_2rdacontent
337 _aunmediated
_2rdamedia
338 _avolume
_2rdacarrier
504 _aIncluye bibliografía.
505 0 _aEarly African cultures. -African origins of Egyptian writing. -Mother and child figures. -Headrests. -Depiction of humans in african art. -Ancestor worship and divine kinship. -Animal deities and symbols. -Masking. -Body art. -Circumcision and male initiation. -Nubia. -Faces of Egypt. -Lenders to the exhibition. -Exhibition components.
526 _aP136
526 _aP135
526 _aP134
526 _aP133
526 _aP144
526 _aP143
526 _aP87
526 _aP35
526 _aP20
526 _aP14
526 _aP10
526 _aP06
650 0 4 _aÁfrica
_zCivilización.
650 0 4 _aEgipto
_xCivilización
_xInfluencias africanas.
650 0 4 _aEgipto
_xCivilización
_yA 332 a. de JC.
700 1 _aCelenko, Theodore,
_eed.
942 _2ddc
_cBOOK
949 _a932.01 E31
_wDEWEY
_c1
_i44956
_lCCODEBUL1
_mBUL
_r0
_sY
_tBOOK
_u2015-6-24
_xTEOLOGIA
_PP35
_0COMPRA
_o.STAFF. Colección General
994 _aC0
_bPEPRU
596 _a1
999 _a932.01 E31
_wDEWEY
_c21831
_i44956
_f2021-11-8
_g5
_lCCODEBUL1
_mBUL
_r0
_sY
_tBOOK
_u2015-6-24
_xBIBLIOTECA
_PP35
_0COMPRA
_o.STAFF. Colección General
_d21831
980 _81
_gALBERTO SANCHEZ Responsable de Automatización